000 00426nam a2200157Ia 4500
003 GCL
008 140319s9999 xx 000 0 eng d
040 _aGCL /
_cGCL
082 0 4 _a621.366
_bD T
100 1 _aDAVID BELFORTE
245 1 0 _aTHE INDUSILLASER HANDBOOK: 1992 - 1993 ED ITION /
_cDAVID BELFORTE
260 _a[S.N] :
_bSPRINGER - VERLAG ،
_c1992
300 _a284 P
650 0 4 _aLASER INDUSTRY
942 _2ddc
_cBK
999 _c17060
_d17060